000 01106nam a2200289 i 4500
003 EG-GICUC
005 20260121101223.0
008 251115s1968 ua ||||fr|||| 00| 0 ara d
040 _a EG-GICUC
_bara
_c EG-GICUC
_d EG-GICUC
_erda
041 0 _aara
082 0 4 _221
_a345
_bم ح . م
092 0 4 _221
099 _aLaw1 07 345 م ح . م 1 ed - 1968
100 0 _aمحمد كمال ليله
_eمؤلف.
245 1 0 _aمبادئ القانون الإداري :
_b( مقدمة عامة - التنظيم الاداري - نشاط الإدارة ).
_nالكتاب الأول /
_cدكتور محمد كمال ليله.
250 _aالطبعة الأولى
264 1 _aالقاهرة :
_bدار النهضة العربية،
_c1968.
300 _a694 ؛صفحة
_c24 سم.
336 _2rda content
_atext
337 _2rda media
_aComputer
338 _2rda carrier
_aOnline Resource
546 _aالنص باللغة العربية
650 1 4 _aالقانون الإداري
856 4 0 _uhttps://fll.law.cu.edu.eg/fulltext/bks/B07-00578.pdf
905 _a32
_eYara
942 _2ddc
_cBK
_e21
_n0
999 _c43353
_d43353